Teacher absenteeism : experience and practices of school systems /

Bibliographic Details
Main Author: Porwoll, Paul J.
Other Authors: Carroll, Deirdre A., Warren, Donna
Format: Book
Language:English
Published: Arlington, Va. : Educational Research Service, [1981]
Series:ERS report.
Subjects:

MARC

Tag First Indicator Second Indicator Subfields
LEADER 00000cam a2200000 a 4500
001 in00000082889
005 20151008054248.0
008 820202s1981 vau 00010 eng
010 |a  81068825  
020 |c $24.00 (pbk.) 
035 |a (OCoLC)08195397 
035 |9 AAJ0130AM 
039 0 |a 2  |b 3  |c 3  |d 3  |e 3 
040 |a DLC  |c DLC  |d TXA  |d UtOrBLW 
043 |a n-us--- 
049 |a TXAM  |c [1387250] 
050 0 0 |a LB2843.L4  |b P67 
082 0 |a 331.25/76  |2 19 
100 1 |a Porwoll, Paul J. 
245 1 0 |a Teacher absenteeism :  |b experience and practices of school systems /  |c [study conducted and reported by Paul J. Porwoll, with the assistance of Deirdre A. Carroll and Donna Warren]. 
264 1 |a Arlington, Va. :  |b Educational Research Service,  |c [1981] 
264 4 |c ©1981 
300 |a vi, 88 pages ;  |c 28 cm. 
336 |a text  |b txt  |2 rdacontent 
337 |a unmediated  |b n  |2 rdamedia 
338 |a volume  |b nc  |2 rdacarrier 
490 1 |a ERS report 
650 0 |a Teachers  |z United States  |x Leaves of absence. 
700 1 |a Carroll, Deirdre A. 
700 1 |a Warren, Donna. 
830 0 |a ERS report. 
999 |a MARS 
999 f f |s 94e3d307-55ac-37fb-a351-301fbe7bcca0  |i 2cfe28c2-714e-38f7-b4c1-b79b7474eead  |t 0 
952 f f |p ric  |a Texas A&M University  |b Rellis Campus  |c Joint Library Facility  |d Remote Storage  |t 0  |e LB2843.L4 P67  |h Library of Congress classification  |i unmediated -- volume  |m A14806162441 
998 f f |a LB2843.L4 P67  |t 0  |l Remote Storage